00321nam a2200121Ia 4500008004100000041000800041082001200049100001700061245004400078260003500122300003100157365001100188240624s9999 xx 000 0 und d aeng a309 IRA aIRANI MEHRAB aMAD MONEY JOURNEY A FINANCIAL ADVENTURE c2015aMumbaibJaico Publishing axvi, : 229 : p. : cm. ; 21 cRSb35